Statistics for Gears of War 3 - Chapters

Click here to take the quiz!

General Stats

  • This quiz has been taken 5 times
  • The average score is 16 of 31

Answer Stats

HintAnswer% Correct
Act 3Brothers to the end
80%
Act 3Unbreakable
80%
Act 2Airborne
60%
Act 5Ascension
60%
Act 4Ashes to Ashes
60%
Act 4Bon Voyage
60%
Act 3Breakneck Run
60%
Act 3Ghost Town
60%
Act 1Hanging by a Thread
60%
Act 1Homecoming
60%
Act 2House of Sand
60%
Act 5Reckoning
60%
Act 2Touchdown
60%
Act 4Watery Grave
60%
Act 1Abandon Ship
40%
Act 1Anchored
40%
Act 4Batten Down the Hatches
40%
Act 5Blackout
40%
Act 4Crater
40%
Act 2Forced Entry
40%
Act 4Hang 'em High
40%
Act 1Helping Hand
40%
Act 2Hijack
40%
Act 5Home Away from Home
40%
Act 1MVP
40%
Act 3Rescue
40%
Act 5Shattered Paradise
40%
Act 2Shipwreck
40%
Act 5Threshold
40%
Act 2Trench Run
40%
PrologueTroubled Past
40%

Score Distribution

Percentile by Number Answered

Percent of People with Each Score

Your Score History

You have not taken this quiz